| 000 | 00847nam a2200265 a 4500 | ||
|---|---|---|---|
| 008 | |||
| 020 | _a1563089629 (pbk.) | ||
| 049 | 0 | 0 | _aMAIN |
| 050 | 0 | 0 | _aREF Z1006 REI |
| 100 | 1 | _aReitz, Joan M. | |
| 245 | 1 | 0 |
_aDictionary for library and information science / _cJoan M. Reitz. |
| 260 |
_aWestport, Conn. : _bLibraries Unlimited, _c2004. |
||
| 300 |
_ax, 788 p. ; _c24 cm. |
||
| 504 | _aIncludes bibliographical references (p. [758]-788). | ||
| 530 | _aAlso available on the Internet. | ||
| 650 | 0 |
_aLibrary science _vDictionaries. |
|
| 650 | 0 |
_aInformation science _vDictionaries. |
|
| 740 | 0 | _aOnline dictionary for library and information science | |
| 740 | 0 | _aODLIS | |
| 907 |
_a.b10222170 _b13-02-07 _c07-12-06 |
||
| 003 | |||
| 005 | 20230120191417.0 | ||
| 040 | _cNUST | ||
| 942 | _cBOOKS | ||
| 999 |
_c100643 _d100643 |
||